00614nam a2200157 a 450000100100000000500170001000800410002704000250006808200130009310000350010624501220014126000440026330000210030795201110032899900170043900003950320201002031702.0130704s1880 sp 000 0 spa d aDO-SdBNPbspacBNPHU axxxbxxx1 aCastelar, Emiliod1832-96568610aDiscurso leído en la academia española. :bseguido de otros varios discursos del mismo orador /cEmilio Castelar. aMadrid :bAngel de San Martin,c[1880]. a344 p. ;c18 cm. 001050718MOaPDbPDcCTd2013-07-04iLF1l0oxxx xxxp39503-10r2020-06-25w2020-06-25y1ZNo se presta c38993d38993